Glavni gradovi Europe - Statistics

General Stats
  • This quiz has been taken 4 947 times
  • The average score is 32 of 45
Answer Stats
Zemlja Glavni grad % Correct
Bosna i Hercegovina Sarajevo
94%
Hrvatska Zagreb
93%
Austrija Beč
92%
Francuska Pariz
92%
Italija Rim
91%
Grčka Atena
87%
Srbija Beograd
87%
Njemačka Berlin
86%
Rusija Moskva
85%
Češka Prag
84%
Albanija Tirana
84%
Španjolska Madrid
83%
Slovenija Ljubljana
82%
Ujedinjena Kraljevina London
82%
Crna Gora Podgorica
82%
Bugarska Sofija
79%
Vatikan Vatikan
79%
Portugal Lisabon
77%
Belgija Bruxelles
76%
Mađarska Budimpešta
76%
Danska Kopenhagen
76%
San Marino San Marino
76%
Nizozemska Amsterdam
75%
Luksemburg Luxembourg
75%
Monako Monaco
75%
Norveška Oslo
75%
Irska Dublin
74%
Ukrajina Kijev
74%
Kosovo Priština
74%
Poljska Varšava
69%
Švicarska Bern
68%
Finska Helsinki
65%
Sjeverna Makedonija Skoplje
64%
Bjelorusija Minsk
63%
Slovačka Bratislava
62%
Rumunjska Bukurešt
61%
Island Reykjavík
59%
Latvija Riga
58%
Švedska Stockholm
55%
Estonija Tallinn
52%
Andora Andorra la Vella
45%
Malta Valletta
42%
Lihtenštajn Vaduz
37%
Litva Vilnius
35%
Moldova Kišinjev
31%
No matching quizzes found
Score Distribution
Percent of People with Each Score
Percentile by Number Answered
Your Score History
You have not taken this quiz